| 000 | 00507nam a2200193Ia 4500 | ||
|---|---|---|---|
| 005 | 20250508163052.0 | ||
| 008 | 008 250505s9999 xx 000 0 eng d | ||
| 020 | _a0-631-13186-8 | ||
| 037 | _aTextual | ||
| 040 |
_aFEDL _beng _cFEDL |
||
| 041 |
_aeng _2eng |
||
| 084 |
_a422, HUD _qFEDL |
||
| 100 | _aHudson Richard | ||
| 245 | 0 | _aWord grammar | |
| 260 |
_aEngland _bBasil Blackwell Publisher Limited _c1984 |
||
| 300 | _a267p. | ||
| 942 |
_cTEXL _h422, HUD |
||
| 999 |
_c1380628 _d1380628 |
||